Catalog

Record Details

Catalog Search



Vzdělávací a zážitkové programy výchovy v přírodě Cover Image Book Book

Vzdělávací a zážitkové programy výchovy v přírodě

Record details

  • ISBN: 978-80-262-2030-5
  • Edition: 1. vydání
  • Publisher: Praha : Portál, 2023

Available copies

  • 0 of 1 copy available at Common Catalog SPOK.

Holds

  • 0 current holds with 1 total copy.
Show Only Available Copies
Location Call Number / Copy Notes Barcode Shelving Location Status Due Date
Jabok Library Objednávky 5172 Obj5172 Odborná literatura In process -

LDR 00438nam a2200157 i 4500
00156608
003CZ-PrJAB
00520221221191000.0
020 . ‡a978-80-262-2030-5 ‡q(brožováno)
035 . ‡a(CZ PrNK)nkc20223477846
24500. ‡aVzdělávací a zážitkové programy výchovy v přírodě
250 . ‡a1. vydání
264 1. ‡aPraha : ‡bPortál, ‡c2023
336 . ‡atext ‡btxt ‡2rdacontent
337 . ‡abez média ‡bn ‡2rdamedia
338 . ‡asvazek ‡bnc ‡2rdacarrier
901 . ‡a56608 ‡bAUTOGEN ‡c56608 ‡tbiblio

Additional Resources